000 00873nam a22002537a 4500
003 UPN
005 20240612064201.0
008 240223s2023 mx bo||br|||| 00| 0 spa d
020 _a9786075519630
040 _aMX-MxUPN
_cMX-MxUPN
_bspa
041 _aspa
050 4 _aLB1583 M6
_bC37 2023
245 0 0 _aCartografía de México y el mundo :
_bmultigrado
250 _aPrimera edición
260 _aCiudad de México :
_bSecretaría de Educación Pública, Comisión Nacional de Libros de Texto Gratuitos,
_c2023.
300 _a191 páginas :
_bmapas, fotografías
650 4 _aNueva Escuela Mexicana
_951254
650 4 _92801
_aGeografía
_xEstudio y enseñanza (Elemental)
650 4 _aGeografía
_vLibros de texto
_924506
650 4 _aAtlas
_98563
902 _aGCH230224
_bMaríaRobles/010324
942 _2lcc
_cLIBRO
_n0
999 _c211087
_d211087